Finis les paroles - PLK - Statistiques

Statistiques générales
  • Ce quiz a été pris 1 721 fois
  • Le résultat moyen est 7 sur 10
Statistiques - réponses
Hint Réponse % Correct
Les doutes deviennent d’la haine, ouais, c’est dangereux tellement on s’... aime
95%
Ils te souhaitent le mal pour leur faire du bien, qu’est-ce qu’tu veux qu’j’te dise ? C’est comme des... chiens
88%
Et juste un regard, elle m’a dérouté, j’sais pas parler, j’sais pas... écouter
88%
J’crois qu’l’amour c’est une maladie, à part le temps y a pas de remède J’espère que tu feras pas la p*te pour essayer d’t’en... Remettre
76%
J’suis faible un jour sur deux, mais peut-être pas au long.... terme
70%
Entre mes principes et mes valeurs, j’dois faire le grand... écart
65%
Rien n’a foutre de ce qu’ils me disent, j’ai des certifs par... dizaines
61%
Tu réfléchis moins gentiment quand t’as ton bide qui... gargouille
60%
J’ai la ceinture rouge dans l’AMG mais j’fais pas de karaté, en moi, j’trouverai pas la paix, mon cœur est noir comme.. scarabée
57%
Dans ton cœur j’étais intermittent, tu m’as fait sortir en première... mi-temps
46%
Aucun quiz correspondant
Distribution des résultats
% des personnes avec chaque résultat
Percentile par nombre de réponses
Votre historique - résultats
Vous n’avez pas pris ce quiz